00448cam a2200157ua 45000010005000000080039000050400009000440820013000531000043000662450072001092500009001812600030001903000017002206530013002376530040002503590111122n ii |||gr||||Z||||||asm cMAIN a891.4518 aBhattacharyya, Hiranya Kumar,eAuthor.11aKararuddha jibanar bakruddha kahinicby Hiranya Kumar Bhattacharyya a2nd. aDibrugarh:bBanalata,985. a506p:c23cm. aAssamese aKararuddha jibanar bakruddha kahini